000 00626nam a2200217 4500
001 121399
003 ES-MaACL
005 20250918063032.0
007 t|
008 070214s1966 mx r ||||1| spa d
100 1 _aMolière,
_d1622-1673
_981873
245 1 0 _aGeorge Dandin /
_cMolière ; versión de Alvaro Arauz.
250 _a2ª. ed.
260 _aMéxico :
_bRafael Peregrina,
_c1966.
300 _a64 p., 3 lám. ;
_c21 cm.
490 1 _aTeatro universal
700 1 _aArauz, Alvaro.
_922366
830 0 _aTeatro universal
_9182863
852 _aES-MaACL
_jC-30520
_bR.70076
999 _c121399
_d121399